Haikyuu!! Who uses the number 4? - Statistics

General Stats
  • This quiz has been taken 48 times
  • The average score is 4 of 16
Answers on the Grid
Answers color-coded by a green-red scale on the quiz's grid according to % correct below.
Yuu Nishinoya
Taketora Yamamoto
Hajime Iwaizumi
Reon Ohira
Aran Ojiro
Izuru Nozawa
Keisuke Unnan
Kazuma Numai
Yuki Tazawa
Kotaro Bokuto
Iori Kanazawa
Hayato Ikejiri
Katsumichi Higashiyama
Kaito Asamushi
Kengo Nanasawa
Yuki Shiroishi
Ryoji Yamazaki
Motoya Komori
Kazuma Bobata
Akinori Konoha
Ryunosuke Tanaka
Daiki Ogano
Yaku Morisuke
Nobuyuki Kai
Osamu Miya
Rintaro Suna
Takanobu Aone
Noayasu Kuguri
Gao Hakuba
Sachiro Hirugami
Takahiro Hanamaki
 
Answer Stats
Answer % Correct
Yuu Nishinoya
72%
Kotaro Bokuto
66%
Hajime Iwaizumi
59%
Aran Ojiro
56%
Taketora Yamamoto
44%
Reon Ohira
31%
Hayato Ikejiri
13%
Kazuma Numai
9%
Keisuke Unnan
9%
Kengo Nanasawa
9%
Yuki Shiroishi
9%
Izuru Nozawa
6%
Katsumichi Higashiyama
6%
Iori Kanazawa
3%
Kaito Asamushi
3%
Yuki Tazawa
0%
No matching quizzes found
Score Distribution
Percent of People with Each Score
Percentile by Number Answered
Your Score History
You have not taken this quiz